How to feel confident : simple tools for instant success.
| Main Author: | |
|---|---|
| Format: | Book |
| Published: |
London:
Harper Element,
2009.
|
| Subjects: |
| LEADER | 00413cam a2200145 7i4500 | ||
|---|---|---|---|
| 001 | 0000025964 | ||
| 005 | 20110224090000.0 | ||
| 020 | 0 | 0 | |a 9780007320769 |
| 090 | 0 | 0 | |a B 158.1 |b LOW |
| 100 | 1 | 0 | |a Lowndes |
| 245 | 1 | 0 | |a How to feel confident : |b simple tools for instant success. |
| 260 | 0 | 0 | |a London: |b Harper Element, |c 2009. |
| 300 | # | # | |a 274p. |
| 650 | 0 | 0 | |a Self-confidence |
| 999 | |a B000028345 |b Book |c Book |e Business Information Centre | ||


